[Event "th corr"]
[Site "th corr"]
[Date "1990.??.??"]
[Round "?"]
[White "Kiselev, Sergey"]
[Black "Jussupow, Artur M"]
[Result "0-1"]
[WhiteElo "2450"]
[BlackElo "2615"]
[PlyCount "48"]
[EventDate "1990.??.??"]
[Source "www.chesslib.no"]
[SourceDate "2004.05.04"]

1. e4 e5 2. f4 exf4 3. Nf3 Nf6 4. e5 Nh5 5. d4 d5 6. Be2 g5 7. c4 Rg8 8. Nc3 g4 9. Nxd5 gxf3 10. Bxf3 c6 11. Nxf4 Qh4+ 12. g3 Rxg3 13. hxg3 Qxg3+ 14. Ke2 Nxf4+ 15. Bxf4 Qxf4 16. Qd2 Qxd2+ 17. Kxd2 Bf5 18. a3 Nd7 19. b4 O-O-O 20. Ke3 f6 21. Be4 Bxe4 22. Kxe4 fxe5 23. dxe5 Re8 24. Rxh7 Nf6+ 0-1

[Event "Bundesliga 9596"]
[Site "Germany"]
[Date "1996.??.??"]
[Round "?"]
[White "Piskov, Yury"]
[Black "Smejkal, Jan"]
[Result "1/2-1/2"]
[WhiteElo "2520"]
[BlackElo "2510"]
[PlyCount "155"]
[EventDate "1995.10.??"]
[Source "ChessBase"]
[SourceDate "1999.07.01"]

1. e4 e5 2. f4 exf4 3. Nf3 Nf6 4. e5 Nh5 5. d4 d6 6. Bc4 Be7 7. Nc3 O-O 8. O-O c6 9. Be2 Bg4 10. Ne1 Bxe2 11. Qxe2 g6 12. Nd3 Qb6 13. Qf2 dxe5 14. Nxe5 Bf6 15. Na4 Qc7 16. Bxf4 Nxf4 17. Qxf4 Bxe5 18. dxe5 Nd7 19. e6 Qxf4 20. Rxf4 fxe6 21. Rd4 Rf7 22. Rad1 Nf8 23. Nc5 Kg7 24. a4 e5 25. Re4 Re8 26. a5 b6 27. axb6 axb6 28. Nd3 Nd7 29. Ra1 Rfe7 30. Rae1 Kf6 31. Nb4 Nc5 32. Nxc6 Re6 33. Rc4 Rxc6 34. b4 Rec8 35. bxc5 Rxc5 36. Rb4 b5 37. Reb1 Rxc2 38. Rxb5 Rc1+ 39. Rxc1 Rxc1+ 40. Kf2 Rc2+ 41. Kf3 Kf5 42. g4+ Ke6 43. h3 Rc3+ 44. Ke4 Kf6 45. h4 Rc4+ 46. Kf3 Ke6 47. Ra5 Kd6 48. Ra7 h5 49. gxh5 gxh5 50. Kg3 Rg4+ 51. Kh3 e4 52. Ra6+ Kd5 53. Ra5+ Kd4 54. Rxh5 e3 55. Rh8 Re4 56. Rd8+ Kc3 57. Rc8+ Kd3 58. Rd8+ Kc3 59. Rc8+ Kb2 60. Rb8+ Kc1 61. Rc8+ Kb1 62. Rb8+ Kc2 63. Rc8+ Kd3 64. Rd8+ Rd4 65. Re8 e2 66. Kg3 Kd2 67. Kf2 Rf4+ 68. Kg3 Rf1 69. h5 e1=Q+ 70. Rxe1 Rxe1 71. Kg4 Ke2 72. h6 Ke3 73. Kg5 Ke4 74. h7 Rh1 75. Kg6 Ke5 76. Kg7 Ke6 77. h8=Q Rxh8 78. Kxh8 1/2-1/2

[Event "Sigeman & Co"]
[Site "Malmo"]
[Date "2001.06.18"]
[Round "7"]
[White "Berg, Emanuel"]
[Black "Hector, Jonny"]
[Result "1/2-1/2"]
[WhiteElo "2474"]
[BlackElo "2546"]
[PlyCount "85"]
[EventDate "2001.06.12"]
[Source "ChessBase"]
[SourceDate "2001.09.13"]

1. e4 e5 2. f4 exf4 3. Nf3 Nf6 4. e5 Ne4 5. d4 d5 6. Bxf4 c5 7. Bd3 Qb6 8. O-O cxd4 9. Nbd2 Bf5 10. Nb3 Bc5 11. a4 a6 12. a5 Qa7 13. Nxc5 Qxc5 14. b4 Qxb4 15. Bc1 Nc6 16. Ba3 Qxa5 17. Bf8 Qc7 18. Bxe4 Bxe4 19. Bd6 Qd7 20. Ng5 f6 21. Nxe4 dxe4 22. Qh5+ g6 23. Qh4 f5 24. g4 Qe6 25. Rfb1 Ra7 26. Rb6 Nxe5 27. Bxe5 Qxe5 28. Ra5 Qg7 29. Re6+ Kd7 30. Rae5 Kc8 31. Re8+ Rxe8 32. Rxe8+ Kd7 33. Qd8+ Kc6 34. Re6+ Kc5 35. Qb6+ Kc4 36. Qb3+ Kc5 37. Qb6+ Kc4 38. Qxa7 Qh6 39. Qxb7 Qe3+ 40. Kf1 Qf3+ 41. Kg1 Qxg4+ 42. Kf1 Qd1+ 43. Kg2 1/2-1/2

[Event "RUS-Cup1 Chigorin mem"]
[Site "St Petersburg"]
[Date "1996.??.??"]
[Round "2"]
[White "Fedorov, Alexei"]
[Black "Yemelin, Vasily"]
[Result "1-0"]
[WhiteElo "2555"]
[BlackElo "2460"]
[PlyCount "73"]
[EventDate "1996.11.??"]
[Source "ChessBase"]

1. e4 e5 2. f4 exf4 3. Nf3 Nf6 4. e5 Nh5 5. d4 d6 6. Qe2 d5 7. c4 Be6 8. cxd5 Bxd5 9. Bd2 Nc6 10. Nc3 Bb4 11. Nxd5 Qxd5 12. O-O-O Qxa2 13. d5 Bxd2+ 14. Nxd2 Qxd5 15. Qxh5 O-O-O 16. Bc4 Qc5 17. Kb1 Rxd2 18. Rxd2 Qxc4 19. Qg4+ Qe6 20. Qxg7 Qf5+ 21. Ka1 Qxe5 22. Qxe5 Nxe5 23. Rf1 Ng6 24. Rd5 h5 25. Rf5 Rg8 26. Rd1 h4 27. h3 c6 28. Rd4 Kc7 29. Kb1 Rg7 30. Kc1 b5 31. b4 Kb6 32. Rd7 Nh8 33. Rxf4 Rxg2 34. Re4 a5 35. Re8 axb4 36. Rxh8 b3 37. Rd3 1-0

[Event "Montecatini Terme op"]
[Site "Montecatini Terme"]
[Date "1997.08.06"]
[Round "6"]
[White "Manca, Federico"]
[Black "Lalic, Bogdan"]
[Result "0-1"]
[WhiteElo "2355"]
[BlackElo "2600"]
[PlyCount "50"]
[EventDate "1997.11.??"]
[Source "www.chesslib.no"]
[SourceDate "2004.05.04"]

1. e4 e5 2. f4 exf4 3. Nf3 Nf6 4. e5 Nh5 5. Qe2 Be7 6. Nc3 O-O 7. g4 fxg3 8. hxg3 Nxg3 9. Qh2 Nxh1 10. d4 d5 11. Bd3 g6 12. Bf4 Bg4 13. Qxh1 Nc6 14. O-O-O Bxf3 15. Qxf3 Nxd4 16. Qg4 Ne6 17. Bg3 c6 18. Rh1 Bg5+ 19. Kb1 f5 20. exf6 Qxf6 21. Re1 Rae8 22. Be5 Nf4 23. Bxf6 Rxe1+ 24. Nd1 h5 25. Qf3 Rxf6 0-1

[Event "Belgrade-C"]
[Site "Belgrade SCG"]
[Date "1991.??.??"]
[Round "9"]
[White "Ziatdinov, Raset"]
[Black "Kapetanovic, Armin"]
[Result "1/2-1/2"]
[WhiteElo "2515"]
[BlackElo "2440"]
[PlyCount "126"]
[EventDate "1991.08.??"]
[Source "www.chesslib.no"]
[SourceDate "2004.05.04"]

1. e4 e5 2. f4 exf4 3. Nf3 Nf6 4. e5 Nh5 5. d4 d6 6. Nc3 Be7 7. Bc4 Bh4+ 8. Kf1 O-O 9. exd6 cxd6 10. Be2 Bg4 11. Nd5 Nc6 12. c3 Re8 13. Nxf4 Nxf4 14. Bxf4 Qf6 15. Bg3 Bxg3 16. hxg3 Ne7 17. Bd3 Nd5 18. Kf2 Ne3 19. Qe2 h5 20. Rhe1 Re6 21. Qxe3 Rxe3 22. Rxe3 Kf8 23. Rae1 Bd7 24. Be4 Re8 25. Bxb7 Rb8 26. Bd5 Rxb2+ 27. Kg1 Qg6 28. Nh4 Qg5 29. Rf3 f5 30. Be6 Bxe6 31. Rxe6 Kf7 32. d5 Kg8 33. Rxf5 Qc1+ 34. Kh2 Rb8 35. Ng6 Qd1 36. Ne7+ Kh7 37. Re1 Qg4 38. Re4 Qd1 39. g4 g6 40. Rf7+ Kh6 41. Re6 Qxg4 42. Rxg6+ Qxg6 43. Nxg6 Kxg6 44. Rxa7 Rc8 45. Rd7 Rxc3 46. Rxd6+ Kf5 47. Rh6 Kg5 48. Ra6 Rd3 49. d6 Kg4 50. Rb6 Rd4 51. a3 Kf5 52. Kh3 Ke6 53. g3 Ra4 54. Rb4 Rxa3 55. Rd4 Kd7 56. Rd5 Ra4 57. Rxh5 Kxd6 58. Rf5 Ke6 59. Rf8 Ra7 60. Kg4 Rg7+ 61. Kf4 Rg6 62. Kf3 Rg7 63. Rf4 Rg6 1/2-1/2

[Event "Thessaloniki ol (Men)"]
[Site "Thessaloniki GRE"]
[Date "1988.??.??"]
[Round "2"]
[White "Illescas Cordoba, Miguel"]
[Black "Motwani, Paul"]
[Result "0-1"]
[WhiteElo "2495"]
[BlackElo "2455"]
[PlyCount "82"]
[EventDate "1988.11.??"]
[Source "www.chesslib.no"]
[SourceDate "2004.05.04"]

1. e4 e5 2. f4 exf4 3. Nf3 Nf6 4. e5 Ne4 5. d3 Ng5 6. Bxf4 Ne6 7. Bg3 d6 8. d4 dxe5 9. d5 Nf4 10. Nxe5 Nxd5 11. Bc4 Be6 12. Qe2 Be7 13. Nc3 Nxc3 14. bxc3 O-O 15. O-O Nd7 16. Bxe6 fxe6 17. Rad1 Bd6 18. Rxf8+ Nxf8 19. Qf3 b6 20. Nc6 Bc5+ 21. Kh1 Qe8 22. h3 Ng6 23. Qe4 a6 24. Bxc7 Rc8 25. Rd8 Rxd8 26. Nxd8 Nf8 27. Nb7 Qd7 28. Nxc5 Qxc7 29. Nxe6 Qe7 30. Qc4 Qxe6 31. Qxa6 h6 32. a4 Kh7 33. a5 Qe1+ 34. Kh2 Qe5+ 35. Kh1 bxa5 36. c4 Ng6 37. Qa7 Nf4 38. Qf2 a4 39. c5 a3 40. c3 Ng6 41. c6 Qa5 0-1

[Event "ch-ESP (team) Div 1"]
[Site "Cala Galdana ESP"]
[Date "1999.11.11"]
[Round "4"]
[White "Vega Holm, F."]
[Black "Campora, D."]
[Result "1-0"]
[WhiteElo "2404"]
[BlackElo "2543"]
[PlyCount "103"]
[EventDate "1999.11.08"]
[Source "www.chesslib.no"]
[SourceDate "2004.05.04"]

1. e4 e5 2. f4 exf4 3. Nf3 Nf6 4. e5 Nh5 5. d4 d5 6. Be2 Nc6 7. O-O g6 8. Ne1 Ng7 9. Bxf4 Ne6 10. Be3 Bg7 11. c4 Ne7 12. Nc3 c6 13. cxd5 Nxd5 14. Nxd5 Qxd5 15. Nf3 O-O 16. Qc2 Nc7 17. Ng5 Be6 18. Ne4 Bf5 19. Rxf5 gxf5 20. Nd6 Qe6 21. Bd3 Nd5 22. Bd2 Bh6 23. Bxf5 Be3+ 24. Bxe3 Nxe3 25. Bxh7+ Kh8 26. Qd3 Qh6 27. Be4 Rad8 28. Re1 Ng4 29. h3 Qh4 30. Rf1 Rxd6 31. exd6 Nf6 32. Bf5 Rd8 33. Qe3 Rxd6 34. Rf4 Qh6 35. Bc2 Re6 36. Qf2 Kg7 37. Bb3 Re7 38. Kh2 Re2 39. Qf3 Rxb2 40. d5 cxd5 41. Bxd5 Rb5 42. Bb3 Qg5 43. h4 Qe5 44. Kh3 Rc5 45. Rg4+ Nxg4 46. Qxf7+ Kh6 47. Qf8+ Kg6 48. Qf7+ Kh6 49. Qf8+ Kg6 50. Bf7+ Kf5 51. Bd5+ Nf6 52. g4+ 1-0

[Event "TH Open"]
[Site "La Coruna TH op"]
[Date "1995.??.??"]
[Round "5"]
[White "Hector, Jonny"]
[Black "Sanz Alonso, Francisco J"]
[Result "1-0"]
[WhiteElo "2540"]
[BlackElo "2400"]
[PlyCount "85"]
[EventDate "1995.??.??"]
[Source "www.chesslib.no"]
[SourceDate "2004.05.04"]

1. e4 e5 2. f4 exf4 3. Nf3 Nf6 4. e5 Nh5 5. d4 d5 6. Be2 Rg8 7. O-O g5 8. c4 Be6 9. Nc3 c6 10. cxd5 cxd5 11. Qd3 Rg6 12. Nh4 Rh6 13. Nf5 Bxf5 14. Qxf5 Nc6 15. Bxh5 Rxh5 16. Bxf4 Nxd4 17. Qg4 Rh4 18. Qxg5 Ne6 19. Qxd8+ Rxd8 20. g3 Rg4 21. Rad1 d4 22. Ne4 Be7 23. Rf3 Rd5 24. Nf2 Rg6 25. Nd3 Nc5 26. Kg2 Rb6 27. Rd2 Kd7 28. g4 Nxd3 29. Rfxd3 Ke6 30. Rh3 Bb4 31. Rdd3 Rd7 32. Rxh7 Bf8 33. b3 Rc6 34. Kf3 Bd6 35. g5 Ra6 36. g6 Ra5 37. Kg4 Rc5 38. Rg3 Bb8 39. h4 Re7 40. h5 Rb5 41. Kg5 Rb6 42. Rh3 Kd5 43. Re3 1-0

[Event "La Coruna TH Open"]
[Site "La Coruna"]
[Date "1995.??.??"]
[Round "5"]
[White "Hector, Jonny"]
[Black "Sanz Alonso, Francisco Javier"]
[Result "1-0"]
[WhiteElo "2540"]
[BlackElo "2390"]
[PlyCount "85"]
[EventDate "1995.07.??"]
[Source "www.chesslib.no"]
[SourceDate "2004.05.04"]

1. e4 e5 2. f4 exf4 3. Nf3 Nf6 4. e5 Nh5 5. d4 d5 6. Be2 Rg8 7. O-O g5 8. c4 Be6 9. Nc3 c6 10. cxd5 cxd5 11. Qd3 Rg6 12. Nh4 Rh6 13. Nf5 Bxf5 14. Qxf5 Nc6 15. Bxh5 Rxh5 16. Bxf4 Nxd4 17. Qg4 Rh4 18. Qxg5 Ne6 19. Qxd8+ Rxd8 20. g3 Rg4 21. Rad1 d4 22. Ne4 Be7 23. Rf3 Rd5 24. Nf2 Rg6 25. Nd3 Nc5 26. Kg2 Rb6 27. Rd2 Kd7 28. g4 Nxd3 29. Rfxd3 Ke6 30. Rh3 Bb4 31. Rdd3 Rd7 32. Rxh7 Bf8 33. b3 Rc6 34. Kf3 Rc2 35. h4 Rxa2 36. h5 Ra1 37. Bg3 Rf1+ 38. Ke4 Rg1 39. Rh8 Bg7 40. Re8+ Re7 41. Rxe7+ Kxe7 42. Kf5 Rf1+ 43. Bf4 1-0

[Event "Wijk aan Zee (open)"]
[Site "?"]
[Date "1993.??.??"]
[Round "?"]
[White "Reinderman, D."]
[Black "Huzman, A."]
[Result "0-1"]
[WhiteElo "2415"]
[BlackElo "2510"]
[PlyCount "62"]
[EventDate "1993.??.??"]
[Source "ChessBase"]
[SourceDate "1992.10.01"]

1. e4 e5 2. f4 exf4 3. Nf3 Nf6 4. e5 Nh5 5. d4 d5 6. Be2 g5 7. c4 g4 8. O-O Rg8 9. cxd5 Qxd5 10. Nc3 Qd8 11. Qd3 Rg6 12. e6 Bxe6 13. Ne5 Nc6 14. Nxc6 bxc6 15. Bxf4 Nxf4 16. Rxf4 Bd6 17. Re4 Kf8 18. Rf1 Kg8 19. Bd1 Rb8 20. Bb3 Bxb3 21. axb3 Qd7 22. Re2 Rxb3 23. Kh1 g3 24. Qc2 Rb4 25. Ne4 Rxd4 26. Nf6+ Rxf6 27. Rxf6 Be5 28. Rf1 Rh4 29. Re3 Qd4 30. Qb3 Rxh2+ 31. Kg1 Rh1+ 0-1

[Event "Polanica Zdroj Open"]
[Site "Polanica Zdroj POL"]
[Date "1993.??.??"]
[Round "3"]
[White "Grabarczyk, Bogdan"]
[Black "Kveinys, Aloyzas"]
[Result "1-0"]
[WhiteElo "2345"]
[BlackElo "2555"]
[PlyCount "52"]
[EventDate "1993.08.??"]
[Source "www.chesslib.no"]
[SourceDate "2004.05.04"]

1. e4 e5 2. f4 exf4 3. Nf3 Nf6 4. e5 Nh5 5. Qe2 Be7 6. Nc3 O-O 7. d4 d6 8. Bd2 Bg4 9. O-O-O Nc6 10. Qe4 g6 11. Bc4 Na5 12. Bf1 c6 13. Qe1 d5 14. Kb1 Nc4 15. Bxc4 dxc4 16. Ne2 b5 17. Bxf4 b4 18. Bh6 c3 19. Bxf8 Bxf8 20. h3 Be6 21. g4 Qa5 22. Nc1 Nf4 23. Ng5 Nd5 24. Nb3 Qd8 25. Ne4 cxb2 26. Rf1 a5 1-0

[Event "Metz op"]
[Site "Metz"]
[Date "1998.04.08"]
[Round "4"]
[White "David, Alberto"]
[Black "Lehtivaara, Petri"]
[Result "1/2-1/2"]
[WhiteElo "2525"]
[BlackElo "2370"]
[PlyCount "91"]
[EventDate "1998.04.06"]
[Source "www.chesslib.no"]
[SourceDate "2004.05.04"]

1. e4 e5 2. f4 exf4 3. Nf3 Nf6 4. e5 Nh5 5. Be2 d6 6. O-O dxe5 7. Nxe5 Bc5+ 8. Kh1 Nf6 9. Nd3 Bd6 10. Nxf4 O-O 11. d4 Nc6 12. Nc3 a6 13. Bf3 Ne7 14. Ne4 Nxe4 15. Bxe4 Ng6 16. c3 Nxf4 17. Bxf4 Bxf4 18. Rxf4 f5 19. Qb3+ Kh8 20. Raf1 Qe7 21. Bd3 c6 22. Qd1 g6 23. Re1 Qd6 24. Rf2 Be6 25. Rfe2 Bf7 26. Re7 b5 27. Qd2 Rae8 28. Qh6 Kg8 29. Rxe8 Rxe8 30. Rxe8+ Bxe8 31. Qe3 Bf7 32. a3 Kg7 33. Kg1 Bd5 34. g3 Qf6 35. Qf4 Qe7 36. Kf2 a5 37. h4 a4 38. h5 Bc4 39. h6+ Kf7 40. Bxc4+ bxc4 41. Qb8 Qe4 42. Qa7+ Kf6 43. Qxa4 f4 44. gxf4 Qxf4+ 45. Ke2 Qh2+ 46. Kd1 1/2-1/2

[Event "Monarch Assurance 10th"]
[Site "Port Erin"]
[Date "2001.09.29"]
[Round "1"]
[White "Stocek, Jiri"]
[Black "Kirsanov, O."]
[Result "1-0"]
[WhiteElo "2530"]
[BlackElo "2365"]
[PlyCount "47"]
[EventDate "2001.09.29"]
[Source "ChessBase"]
[SourceDate "2001.10.26"]

1. e4 e5 2. f4 exf4 3. Nf3 Nf6 4. e5 Nh5 5. Qe2 g6 6. d4 Be7 7. Nc3 c6 8. g4 fxg3 9. Bh6 d5 10. exd6 Qxd6 11. O-O-O Bg4 12. d5 Nf4 13. Qe4 Bxf3 14. Qxf3 Nxd5 15. Bb5 g5 16. Nxd5 Qxh6 17. Qe3 Qd6 18. Rhe1 Kf8 19. Qc3 f6 20. Nxe7 Qf4+ 21. Kb1 g2 22. Qh3 cxb5 23. Ng6+ Kg7 24. Nxf4 1-0

[Event "Kaposvar"]
[Site "?"]
[Date "2000.??.??"]
[Round "?"]
[White "Feletar, D."]
[Black "Szabo, Zs.J"]
[Result "1-0"]
[WhiteElo "2435"]
[BlackElo "2455"]
[PlyCount "57"]
[EventDate "2000.??.??"]
[Source "Chess Informant"]
[SourceDate "2000.10.01"]

1. e4 e5 2. f4 exf4 3. Nf3 Nf6 4. e5 Nh5 5. d4 d5 6. c4 Bb4+ 7. Nc3 O-O 8. Bd3 dxc4 9. Bxc4 Bg4 10. O-O Nc6 11. Be2 Ne7 12. h3 Bc8 13. Ng5 Ng3 14. Rxf4 Nxe2+ 15. Nxe2 h6 16. Nxf7 Qd5 17. Nxh6+ gxh6 18. Rxf8+ Kxf8 19. Bxh6+ Ke8 20. Nf4 Qe4 21. a3 Ba5 22. Qh5+ Kd8 23. Bg5 Qxd4+ 24. Kh1 Qxe5 25. Ng6 Qxb2 26. Rd1+ Bd7 27. Bxe7+ Ke8 28. Ne5+ Kxe7 29. Qf7+ 1-0

[Event "Reggio Emilia 9394"]
[Site "Reggio Emilia ITA"]
[Date "1993.??.??"]
[Round "7"]
[White "Belotti, Bruno"]
[Black "Tatai, Stefano"]
[Result "1-0"]
[WhiteElo "2410"]
[BlackElo "2440"]
[PlyCount "63"]
[EventDate "1993.12.??"]
[Source "www.chesslib.no"]
[SourceDate "2004.05.04"]

1. e4 e5 2. f4 exf4 3. Nf3 Nf6 4. e5 Nh5 5. Qe2 Be7 6. d4 O-O 7. g3 fxg3 8. Nc3 d6 9. hxg3 Nxg3 10. Qh2 Nxh1 11. Bd3 g6 12. Qh6 Nf2 13. Kxf2 dxe5 14. Be3 Nd7 15. dxe5 Re8 16. e6 Nf8 17. exf7+ Kxf7 18. Bc4+ Be6 19. Rd1 Bh4+ 20. Nxh4 Qf6+ 21. Nf3 g5 22. Qxf6+ Kxf6 23. Bxg5+ Kg7 24. Bd3 Ng6 25. Rh1 Bg4 26. Bh6+ Kf7 27. Ng5+ Ke7 28. Kg3 Be6 29. Re1 Kd6 30. Nb5+ Kd7 31. Nxe6 a6 32. Nbxc7 1-0

[Event "ESP-chT"]
[Site "Ponferrada"]
[Date "1997.??.??"]
[Round "4"]
[White "Vega Holm, Fernando"]
[Black "Sanz Alonso, Francisco Javier"]
[Result "1/2-1/2"]
[WhiteElo "2420"]
[BlackElo "2425"]
[PlyCount "88"]
[EventDate "1997.08.29"]
[Source "ChessBase"]
[SourceDate "1997.11.24"]

1. e4 e5 2. f4 exf4 3. Nf3 Nf6 4. e5 Nh5 5. d4 d5 6. Be2 g6 7. O-O c5 8. c4 cxd4 9. cxd5 Bc5 10. Kh1 Bg4 11. Nxd4 Bxe2 12. Nxe2 Be3 13. Bxe3 fxe3 14. Qa4+ Qd7 15. Qd4 O-O 16. Nbc3 Qe7 17. g4 Ng7 18. Ne4 Nd7 19. Nf6+ Kh8 20. Nxd7 Qxd7 21. Rf3 Rac8 22. Raf1 Qb5 23. Rxe3 Rc4 24. Qd3 Qc5 25. h3 Kg8 26. Nc3 Rd4 27. Qe2 b5 28. Qf3 Ne8 29. d6 b4 30. Ne4 Qxe5 31. Nf6+ Qxf6 32. Qxf6 Nxf6 33. Rxf6 Rd2 34. Re7 Rc8 35. Rc7 Rxc7 36. dxc7 Rc2 37. Ra6 Rxc7 38. b3 h6 39. Kg2 Kf8 40. h4 Ke7 41. Kf3 Rc3+ 42. Kf4 Rh3 43. Rxa7+ Ke6 44. Rb7 Rh2 1/2-1/2

[Event "La Valetta MLT"]
[Site "?"]
[Date "1980.12.06"]
[Round "14"]
[White "Day Lawrence CAN"]
[Black "Rubinetti Jorge Alberto ARG"]
[Result "1-0"]
[WhiteElo "2385"]
[BlackElo "2445"]
[PlyCount "113"]
[EventDate "1980.??.??"]
[Source "www.chesslib.no"]
[SourceDate "2004.05.04"]

1. e4 e5 2. f4 exf4 3. Nf3 Nf6 4. e5 Nh5 5. Be2 d6 6. O-O dxe5 7. Nxe5 Bc5+ 8. Kh1 Nf6 9. Nd3 Bd6 10. Nxf4 O-O 11. d4 c6 12. c4 Nbd7 13. Nc3 Re8 14. c5 Be7 15. Bc4 Nf8 16. Qb3 Ne6 17. Be3 Bf8 18. Rae1 b5 19. cxb6 Qxb6 20. Nd3 Qxb3 21. axb3 Bb7 22. Bg1 Nd5 23. Ne5 Nec7 24. Ne4 f6 25. Nd7 Kh8 26. Nec5 Bxc5 27. Nxc5 Bc8 28. Rxe8+ Nxe8 29. Re1 Bf5 30. h3 h5 31. Ba6 Nec7 32. Bb7 Rd8 33. Bxc6 Nb4 34. Bf3 Nb5 35. d5 h4 36. Ne6 Rd7 37. Bf2 Nxd5 38. Nc5 Rd8 39. Rd1 Nbc7 40. Bxh4 Re8 41. Bxd5 Re5 42. g4 Bg6 43. Bc4 Rxc5 44. Rd8+ Ne8 45. Kg1 Ra5 46. Bf2 Ra1+ 47. Kh2 Kh7 48. h4 f5 49. h5 Nf6 50. hxg6+ Kxg6 51. gxf5+ Kxf5 52. Kg2 Ng4 53. Bd3+ Kg5 54. Rd5+ Kf6 55. Bd4+ Ke6 56. Bc4 Ke7 57. Rg5 1-0

[Event "GRE-ch"]
[Site "?"]
[Date "1997.??.??"]
[Round "?"]
[White "Vouldis Angelos"]
[Black "Kofidis Andreas"]
[Result "1/2-1/2"]
[WhiteElo "2410"]
[BlackElo "2400"]
[PlyCount "103"]
[EventDate "1997.??.??"]
[Source "www.chesslib.no"]
[SourceDate "2004.05.04"]

1. e4 e5 2. f4 exf4 3. Nf3 Nf6 4. e5 Nh5 5. d4 d6 6. Qe2 Be7 7. exd6 Qxd6 8. Qb5+ Nc6 9. Qxh5 Bd7 10. c3 O-O-O 11. Bd3 g5 12. O-O f6 13. Na3 Kb8 14. Nc4 Qd5 15. Ne1 Be6 16. Qf3 Qd7 17. Qf2 h5 18. b4 Rdg8 19. Na5 Nd8 20. Bc4 h4 21. Bxe6 Qxe6 22. Nd3 h3 23. Re1 Qd7 24. g3 fxg3 25. hxg3 h2+ 26. Kh1 Bd6 27. Qg2 Qg4 28. Bd2 Qxg3 29. Qxg3 Bxg3 30. Rf1 Rg6 31. Nc4 Nf7 32. Kg2 Nd6 33. Ne3 Ne4 34. Rad1 Bf4 35. Nc4 Ng3 36. Rh1 Nxh1 37. Rxh1 Bxd2 38. Nxd2 Rgh6 39. Nf1 Re8 40. Ng3 b6 41. Nf2 Rh4 42. b5 a5 43. bxa6 Ka7 44. Rxh2 Rxh2+ 45. Kxh2 Kxa6 46. Ng4 Kb5 47. Nxf6 Rh8+ 48. Kg2 Kc4 49. Nge4 Kd3 50. d5 Rh4 51. d6 cxd6 52. Nxd6 1/2-1/2

[Event "BL2-Ost 9900"]
[Site "Germany"]
[Date "2000.01.09"]
[Round "4.2"]
[White "Rechel, Bernd"]
[Black "Mueller, Matthias"]
[Result "1/2-1/2"]
[WhiteElo "2400"]
[BlackElo "2400"]
[PlyCount "67"]
[EventDate "1999.10.??"]
[Source "ChessBase"]
[SourceDate "2000.03.10"]

1. e4 e5 2. f4 exf4 3. Nf3 Nf6 4. e5 Nh5 5. Be2 g6 6. O-O Bg7 7. Ne1 Nc6 8. Bxh5 gxh5 9. Qxh5 Nxe5 10. d4 Ng6 11. Nf3 O-O 12. Nc3 d6 13. Nd5 Qd7 14. c3 c6 15. Nxf4 Qf5 16. Ng5 Nxf4 17. Rxf4 Qg6 18. Qh4 Bd7 19. Rf3 Rae8 20. Bf4 f6 21. Nh3 Bxh3 22. Qxh3 Re2 23. Raf1 d5 24. Rg3 Qe4 25. Rxg7+ Kxg7 26. Bh6+ Kf7 27. Bxf8 Kxf8 28. Rxf6+ Ke7 29. Rf1 Rxb2 30. Qg3 Rb1 31. Qc7+ Ke6 32. Qc8+ Ke7 33. Qc7+ Ke6 34. Qc8+ 1/2-1/2

[Event "MK Cafe op-A"]
[Site "Koszalin"]
[Date "1997.08.05"]
[Round "4"]
[White "Przedmojski, Rafal"]
[Black "Grabarczyk, Miroslaw"]
[Result "1/2-1/2"]
[WhiteElo "2320"]
[BlackElo "2480"]
[PlyCount "110"]
[EventDate "1997.08.03"]
[Source "ChessBase"]
[SourceDate "1997.09.26"]

1. e4 e5 2. f4 exf4 3. Nf3 Nf6 4. e5 Nh5 5. Be2 d5 6. d4 Bg4 7. O-O Nc6 8. Ne1 Bxe2 9. Qxe2 g6 10. c3 Bg7 11. Nd3 O-O 12. Nxf4 Nxf4 13. Bxf4 f6 14. exf6 Rxf6 15. Qg4 Qc8 16. Qg3 Ne7 17. Nd2 c6 18. Nf3 Nf5 19. Qh3 Nh6 20. Qxc8+ Rxc8 21. Be5 Re6 22. Rae1 Rce8 23. h3 Nf7 24. Bf4 Bf8 25. Rxe6 Rxe6 26. Ne5 Nxe5 27. Bxe5 c5 28. Rf6 Rxf6 29. Bxf6 Kf7 30. Bg5 c4 31. Kf2 Ke6 32. Kf3 b5 33. Bd2 Be7 34. g4 h5 35. Kg3 Bf6 36. Be3 a6 37. Kf3 Bh4 38. Bf2 Bg5 39. Be3 Be7 40. Bd2 a5 41. a3 Bh4 42. Bf4 Bd8 43. Bd2 Bf6 44. Be3 Bd8 45. Bf4 Kd7 46. Be3 b4 47. axb4 axb4 48. cxb4 hxg4+ 49. Kxg4 Bf6 50. h4 Kc6 51. h5 gxh5+ 52. Kxh5 Kb5 53. Kg6 Bh8 54. Kf7 Kxb4 55. Ke6 c3 1/2-1/2

[Event "Open"]
[Site "Mosca RUS"]
[Date "2007.01.29"]
[Round "3"]
[White "Pletnev, E."]
[Black "Romanov, E."]
[Result "0-1"]
[WhiteElo "2299"]
[BlackElo "2501"]
[PlyCount "72"]
[EventDate "2007.01.27"]
[Source "www.chesslib.no"]
[SourceDate "2004.05.04"]

1. e4 e5 2. f4 exf4 3. Nf3 Nf6 4. e5 Ne4 5. d3 Ng5 6. Bxf4 Ne6 7. Bg3 d5 8. Be2 Be7 9. O-O O-O 10. c3 c5 11. Kh1 Nc6 12. Na3 b6 13. Qd2 Ba6 14. Nc2 d4 15. c4 Bb7 16. Qe1 Qc7 17. Qf2 Rae8 18. Rae1 Bd8 19. Bd1 Qb8 20. Nd2 Bc7 21. Bh5 Ned8 22. Ne4 Bxe5 23. Bxe5 Rxe5 24. Qh4 f6 25. Rf3 Ne7 26. Rh3 Bxe4 27. Rxe4 Ne6 28. Qe1 Ng5 29. Rxe5 Qxe5 30. Rh4 Nf5 31. Rg4 Qxe1+ 32. Nxe1 g6 33. Rf4 Re8 34. Nf3 Nxf3 35. gxf3 Re1+ 36. Kg2 Ne3+ 0-1

[Event "Donner Memorial Open"]
[Site "Amsterdam NED"]
[Date "1994.??.??"]
[Round "6"]
[White "Jonkman, Harmen"]
[Black "Ziatdinov, Raset"]
[Result "0-1"]
[WhiteElo "2340"]
[BlackElo "2450"]
[PlyCount "44"]
[EventDate "1994.08.??"]
[Source "www.chesslib.no"]
[SourceDate "2004.05.04"]

1. e4 e5 2. f4 exf4 3. Nf3 Nf6 4. e5 Nh5 5. Qe2 g6 6. d4 c5 7. Nc3 Bg7 8. dxc5 O-O 9. Bd2 Nc6 10. O-O-O b6 11. g4 fxg3 12. hxg3 Nxg3 13. Qh2 Nxh1 14. Bc4 Nf2 15. Bg5 Ng4 16. Qh4 Qe8 17. Nd5 Bb7 18. Nc7 Qc8 19. Nxa8 Ncxe5 20. Nxe5 Nxe5 21. Bf6 Bxf6 22. Qxf6 Nxc4 0-1

[Event "SWE Ch"]
[Site "Goteborg SWE"]
[Date "1990.??.??"]
[Round "?"]
[White "Svensson, Bengt"]
[Black "Engqvist, Thomas"]
[Result "0-1"]
[WhiteElo "2405"]
[BlackElo "2335"]
[PlyCount "84"]
[EventDate "1990.??.??"]
[Source "www.chesslib.no"]
[SourceDate "2004.05.04"]

1. e4 e5 2. f4 exf4 3. Nf3 Nf6 4. e5 Ne4 5. d4 d5 6. Bxf4 c5 7. Nbd2 Nc6 8. Bd3 Nxd2 9. Qxd2 Bg4 10. O-O-O c4 11. Be2 Nb4 12. Kb1 Bf5 13. Rc1 Qb6 14. Nh4 Be4 15. Bf3 Rc8 16. Qc3 Be7 17. Bxe4 dxe4 18. Nf5 Nd5 19. Qh3 O-O 20. Nxe7+ Nxe7 21. c3 Nd5 22. Rhf1 Qe6 23. Qg3 b5 24. Rce1 b4 25. Bd2 e3 26. Rxe3 Nxe3 27. Qxe3 Qg6+ 28. Ka1 b3 29. a3 Rfe8 30. Qe2 Qe6 31. Bf4 Rc6 32. Qf3 Rd8 33. g4 Qd5 34. Qf2 Ra6 35. g5 Qe4 36. Re1 Qf5 37. Rf1 Rb8 38. Bc1 Qxf2 39. Rxf2 f6 40. gxf6 gxf6 41. exf6 Kf7 42. Rf1 Rxf6 0-1

[Event "Bundesliga 8586"]
[Site "Germany"]
[Date "1986.??.??"]
[Round "?"]
[White "Budde, Vladimir"]
[Black "Goehring, Karl Heinz"]
[Result "0-1"]
[WhiteElo "2345"]
[BlackElo "2355"]
[PlyCount "98"]
[EventDate "1985.10.??"]
[Source "ChessBase"]
[SourceDate "1999.07.01"]

1. e4 e5 2. f4 exf4 3. Nf3 Nf6 4. Qe2 d5 5. e5 Nh5 6. b3 Be7 7. Bb2 O-O 8. Nc3 c5 9. O-O-O d4 10. Ne4 g6 11. g3 Nc6 12. Re1 fxg3 13. hxg3 Bg4 14. Bg2 Nxe5 15. Nxc5 Bxf3 16. Bxf3 Nxf3 17. Qxf3 Bxc5 18. Re5 Rc8 19. Rexh5 gxh5 20. Qxh5 Re8 21. Qxh7+ Kf8 22. b4 Bb6 23. a4 Qf6 24. a5 Bc7 25. Qd3 Be5 26. Rf1 Qg7 27. b5 Re6 28. Kb1 Qxg3 29. Qe4 Qg6 30. Rf5 Rce8 31. Qf3 Kg8 32. Qh3 Bg7 33. Rf3 Re1+ 34. Ka2 Qe6+ 35. Qxe6 R8xe6 36. Kb3 R1e2 37. d3 Rg2 38. Rf5 b6 39. a6 Re5 40. Rxe5 Bxe5 41. Ba3 f5 42. Kc4 Rxc2+ 43. Kd5 Bc7 44. Kxd4 Kf7 45. Bb4 Ke6 46. Be1 Rb2 47. Kc4 f4 48. d4 f3 49. d5+ Kd7 0-1